Super Smash Bros. Characters with the Longest Names - Statistics

General Stats
  • This quiz has been taken 170 times
    169 since last reset
  • The average score is 9 of 16
Answer Stats
# Fighter % Correct
11 {Mr}. {Game} & {Watch}
76%
11 {Ice} {Climbers}
72%
12 {Banjo} & {Kazooie}
69%
10 {King} {Dedede}
66%
13 {Zero} {Suit} {Samus}
60%
14 {Pokemon} {Trainer}
58%
12 {Rosalina} & {Luma}
57%
10 {Donkey} {Kong}
56%
10 {Incineroar}
54%
13 {Captain} {Falcon}
51%
13 {Wii} {Fit} {Trainer}
50%
10 {Meta} {Knight}
46%
10 {Jigglypuff}
44%
12 {Piranha} {Plant}
44%
15 {Mii} {Swordfighter}
39%
10 {Mii} {Brawler}
34%
No matching quizzes found
Score Distribution
Percent of People with Each Score
Percentile by Number Answered
Your Score History
You have not taken this quiz since the last reset